The Goldilocks challenge (Registro nro. 311636)
[ vista simple ]
| 000 -ENCABEZADO | |
|---|---|
| Número de control [NR] | 02140cam a2200325 i 4500 |
| 001 - NÚMERO DE CONTROL | |
| control field | 20360725 |
| 005 - FECHA Y HORA DE LA ÚLTIMA TRANSACCIÓN | |
| control field | 20211105120907.0 |
| 008 - DE LONGITUD FIJA DE DATOS DE ELEMENTOS - INFORMACIÓN GENERAL | |
| Elementos de longitud fija [NR] | 190312s2018 nyua b 000 0 eng d |
| 010 ## - NUMERO DE CONTROL DE LA BIBLIOTECA DEL CONGRESO (LC) [NR] | |
| Número de control LC [NR] | 2017043942 |
| 020 ## - NUMERO INTERNACIONAL NORMALIZADO PARA LIBROS [R] | |
| Número Internacional Normalizado del libro [NR] | 9780199366088 |
| 020 ## - NUMERO INTERNACIONAL NORMALIZADO PARA LIBROS [R] | |
| ISBN Cancelado/ Invalidado [R] | 9780199366101 |
| 020 ## - NUMERO INTERNACIONAL NORMALIZADO PARA LIBROS [R] | |
| ISBN Cancelado/ Invalidado [R] | 9780199366095 |
| 035 ## - NUMERO DE CONTROL DEL SISTEMA [R] | |
| Número de control del sistema [NR] | (OCoLC)NEW |
| 035 ## - NUMERO DE CONTROL DEL SISTEMA [R] | |
| Número de control del sistema [NR] | (LBSOR)ocm00000NEW |
| 040 ## - FUENTE DE CATALOGACION [NR] | |
| Agencia de catalogación original [NR] | CO-BoUCM |
| Idioma de catalogación [NR] | spa |
| Quien Cataloga | Saul Niño |
| Quien Clasifica | Saul Niño |
| 041 0# - CODIGO DE IDIOMA [R] | |
| Código de idioma para texto/pista de sonido o título separado [R] | Inglés |
| 100 1# - ASIENTO PRINCIPAL--NOMBRE PERSONAL [NR] | |
| Nombre personal [NR] | Gugerty, Mary Kay |
| ID Autoridad | 95790 |
| 245 14 - MENCION DE TITULO [NR] | |
| Título [NR] | The Goldilocks challenge |
| Parte restante del título [NR] | right-fit evidence for the social sector |
| Mención de responsabilidad, etc. [NR] | Mary Kay Gugerty and Dean Karlan |
| 260 ## - PUBLICACION, DISTRIBUCION, ETC. (PIE DE IMPRENTA) [R] | |
| Lugar de publicación, distribución, etc. [R] | New York |
| Nombre del editor, distribuidor, etc. [R] | Oxford University Press |
| Fecha de publicación, distribución, etc. [R] | 2018 |
| 300 ## - DESCRIPCION FISICA [R] | |
| Extensión [R] | ix, 299 páginas |
| Otros detalles físicos [NR] | ilustraciones |
| 505 0# - NOTA DE CONTENIDO CON FORMATO PREESTABLECIDO [R] | |
| Nota de contenido con formato preestablecido [NR] | The CART principles : from too much and too little, to just right -- The theory of change --The CART principles -- Monitoring with the CART principles-- The CART principles for impact evaluation -- Collecting high-quality data -- Educate! --Developing a theory of change for "changemakers" -- BRAC : credible activity monitoring for action -- Salama SHIELD Foundation : the challenge of actionability -- - Invisible children uganda : an evolving monitoring and evaluation system -- Deworm the world : from impact evidence to implementation at scale -- Un Kilo de Ayuda: finding the right fit in monitoring and evaluation -- The institutional donor perspective -- The retail donor perspective -- Concluding thoughts and (hopefully) helpful resources. |
| 520 ## - NOTA DE RESUMEN, ETC. [R] | |
| Nota de sumario, etc. [NR] | "The recent push for impact measurement has been positive, but it has also led to wasted resources and often misleading data about what works. In The Goldilocks Challenge, Gugerty and Karlan put forth four key principles to guide organizations of all sizes to create strong, "right-fit" data collection systems" -- |
| 546 ## - NOTA DE IDIOMA [R] | |
| Nota de idioma [NR] | Texto en inglés |
| 650 #7 - ASIENTO SECUNDARIO DE MATERIA - TERMINO TEMATICO [R] | |
| Término temático o nombre geográfico como elemento de entrada [NR] | Organizaciones sin animo de lucro |
| Subdivisión general [R] | Evaluación |
| 9 (RLIN) | 20872 |
| 650 #7 - ASIENTO SECUNDARIO DE MATERIA - TERMINO TEMATICO [R] | |
| Término temático o nombre geográfico como elemento de entrada [NR] | Efectividad en las organizaciones |
| Subdivisión general [R] | Metodología |
| 9 (RLIN) | 13901 |
| 650 #7 - ASIENTO SECUNDARIO DE MATERIA - TERMINO TEMATICO [R] | |
| Término temático o nombre geográfico como elemento de entrada [NR] | Administración de empresas |
| 9 (RLIN) | 435 |
| 700 1# - ASIENTO SECUNDARIO - NOMBRE PERSONAL [R] | |
| Nombre personal [NR] | Karlan, Dean S. |
| 9 (RLIN) | 95791 |
| 942 ## - ELEMENTOS DE ENTRADA AGREGADOS (KOHA) | |
| Sistema de clasificación | DEWEY |
| Tema principal | Administración |
| Tipo de ítem principal el descrito en 300a | Libro |
| Edición | 1 |
| Clasificación | 658.408 |
| Parte restante de la signatura top. | G942g |
| Fecha de último préstamo | Total préstamos | Signatura topográfica | Código de barras | Última vez visto | Ejemplar | Costo de reposición | Price effective from | Tipo de ítem | Perdido | Sistema de clasificación | Dañado | No prestable | Tipo de ítem específico | Suprimido | Ubicación habitual | Ubicación actual | Localización | Fecha de creación | Proveedor | Forma de adquisición | Costo | Total Renewals |
|---|---|---|---|---|---|---|---|---|---|---|---|---|---|---|---|---|---|---|---|---|---|---|
| 14/08/2019 | 3 | 658.408 G942g | 100159369 | 04/12/2025 | Ej.1 | 105156.00 | 11/03/2019 | Libro de reserva | DEWEY | Libro de reserva | Claustro | Claustro | 4to piso | 11/03/2019 | 15 | Compra | 105156.00 | |||||
| 30/10/2019 | 9 | 658.408 G942g | 100159371 | 04/12/2025 | Ej.3 | 105156.00 | 11/03/2019 | Libro | DEWEY | Libro | Claustro | Claustro | 4to piso | 11/03/2019 | 15 | Compra | 105156.00 | 2 | ||||
| 30/10/2019 | 6 | 658.408 G942g | 100159370 | 04/12/2025 | Ej.2 | 105156.00 | 11/03/2019 | Libro | DEWEY | Libro | Claustro | Claustro | 4to piso | 11/03/2019 | 15 | Compra | 105156.00 | 8 | ||||
| 26/09/2019 | 3 | 658.408 G942g | 100161328 | 04/12/2025 | Ej.4 | 99288.00 | 05/06/2019 | Libro | DEWEY | Libro | Claustro | Claustro | 4to piso | 05/06/2019 | 15 | Compra | 99288.00 | 2 | ||||
| 30/10/2019 | 2 | 658.408 G942g | 100163593 | 04/12/2025 | Ej.5 | 92955.00 | 05/09/2019 | Libro | DEWEY | Libro | Claustro | Claustro | 4to piso | 05/09/2019 | 15 | Compra | 92955.00 | 3 | ||||
| 06/12/2023 | 2 | 658.408 G942g | 100163594 | 04/12/2025 | Ej.6 | 92955.00 | 05/09/2019 | Libro | DEWEY | Libro | Claustro | Claustro | 4to piso | 05/09/2019 | 15 | Compra | 92955.00 |